000 00517cam a2200157 a 4500
020 _a0141028556 (pbk.)
020 _a9780141028552 (pbk.)
082 0 0 _a297.63
_bTAR
_cN-01,P-185
100 1 _aRamadan, Tariq.
_922945
245 1 4 _aThe messenger :
_bthe meanings of the life of Muhammad /
_cTariq Ramadan.
260 _aLondon :
_bPenguin Books,
_c2008.
300 _axii, 242 ;
_c20 cm.
500 _aOriginally published: London : Allen Lane, 2007.
526 _a0
_b0
_c0
_d297_630000000000000_TAR
942 _2ddc
_cBK
999 _c542376
_d542376